The honey badger (Record no. 523622)

000 -LEADER
fixed length control field 00662cam a22002411 4500
001 - CONTROL NUMBER
control field 10334952
003 - CONTROL NUMBER IDENTIFIER
control field NUST
005 - DATE AND TIME OF LATEST TRANSACTION
control field 20190516074117.0
008 - FIXED-LENGTH DATA ELEMENTS--GENERAL INFORMATION
fixed length control field 720417s1965 nyu 000 1 eng
010 ## - LIBRARY OF CONGRESS CONTROL NUMBER
LC control number 65023822
035 ## - SYSTEM CONTROL NUMBER
System control number (OCoLC)285911
038 ## - RECORD CONTENT LICENSOR
Staff Name waseem
040 ## - CATALOGING SOURCE
Original cataloging agency DLC
Transcribing agency ODaWU
Modifying agency OCoLC
-- DLC
050 00 - LIBRARY OF CONGRESS CALL NUMBER
Classification number PZ3.R82
Item number Ho
Classification number PS3535.U15
082 ## - DEWEY DECIMAL CLASSIFICATION NUMBER
Classification number 813.54
Author Mark RUA
100 1# - MAIN ENTRY--PERSONAL NAME
Personal name Ruark, Robert Chester,
Dates associated with a name 1915-1965.
9 (RLIN) 14363
245 14 - TITLE STATEMENT
Title The honey badger
Statement of responsibility, etc. [by] Robert Ruark.
250 ## - EDITION STATEMENT
Edition statement [1st ed.]
260 ## - PUBLICATION, DISTRIBUTION, ETC.
Place of publication, distribution, etc. New York,
Name of publisher, distributor, etc. McGraw-Hill
Date of publication, distribution, etc. [1965]
300 ## - PHYSICAL DESCRIPTION
Extent 569 p.
Dimensions 22 cm.
906 ## - LOCAL DATA ELEMENT F, LDF (RLIN)
a 7
b cbc
c oclcrpl
d u
e ncip
f 19
g y-gencatlg
942 ## - ADDED ENTRY ELEMENTS (KOHA)
Source of classification or shelving scheme
Koha item type Book
Holdings
Withdrawn status Lost status Source of classification or shelving scheme Damaged status Not for loan Permanent Location Current Location Date acquired Total Checkouts Full call number Barcode Date last seen Date last checked out Price effective from Koha item type
          Central Library (CL) Central Library (CL) 05/16/2019 1 813.54 RUA CL-E-2077 10/08/2024 09/13/2024 05/16/2019 Book
© 2023 Central Library, National University of Sciences and Technology. All Rights Reserved.